| 000 | 01463cam a2200385 i 4500 | ||
|---|---|---|---|
| 999 |
_c200436095 _d54307 |
||
| 001 | 200436095 | ||
| 003 | TR-AnTOB | ||
| 005 | 20220415001231.0 | ||
| 007 | ta | ||
| 008 | 160310m20172017tu ab 001 0 tur d | ||
| 020 |
_a9786053320203 _q(paperback) |
||
| 020 |
_a605332020X _q(paperback) |
||
| 040 |
_aSULEY _beng _erda _cSULEY _dTR-AnTOB |
||
| 041 | 0 | _atur | |
| 050 | 1 | 4 | _aHC492 |
| 090 |
_aHC492 _b.P36 2017 |
||
| 100 | 1 |
_aPamuk, Şevket, _d1950- _eauthor _946718 |
|
| 245 | 1 | 0 |
_aTürkiye'nin 200 yıllık iktisadi tarihi : _bbüyüme, kurumlar ve bölüşüm / _cŞevket Pamuk ; Editör : Ali Berktay. |
| 250 |
_aVIII. Basım _bEkim 2017, İstanbul |
||
| 264 | 1 |
_aİstanbul : _bTürkiye İş Bankası Kültür Yayınları, _c2017. |
|
| 264 | 4 | _c©2012 | |
| 300 |
_ax, 377 pages : _billustrations, maps ; _c23 cm |
||
| 336 |
_atext _btxt _2rdacontent |
||
| 337 |
_aunmediated _bn _2rdamedia |
||
| 338 |
_avolume _bnc _2rdacarrier |
||
| 490 | 0 |
_aTürkiye İş Bankası Kültür Yayınları. Genel Yayın ; _v2910 |
|
| 504 | _aIncludes bibliographical references (pages : [355]- 366) and index. | ||
| 651 | 0 |
_aTürkiye _xEkonomik durum _980633 |
|
| 651 | 7 |
_aTürkiye _xEkonomik durum _xTarih _2etuturkob _913344 |
|
| 651 | 7 |
_aTürkiye _xEkonomik durum _y19. yüzyıl _2etuturkob _948517 |
|
| 651 | 7 |
_aTürkiye _xEkonomik durum _y20. yüzyıl _2etuturkob _965112 |
|
| 700 | 1 |
_aBerktay, Ali, _d1960- _eeditor _9112040 |
|
| 942 |
_2lcc _cBK |
||